Văn hóa dân gian huyện Tam Nông tỉnh Phú Thọ
Nghiên cứu văn hoá dân gian huyện Tam Nông tỉnh Phú Thọ qua tục ngữ, ca dao, diễn ca hội thiền, vè, hát xoan, hát ví, lễ hội dân gian, truyện dân gian, truyện cười, ẩm thực, y học dân gian...
Uloženo v:
| Další autoři: | , , , , |
|---|---|
| Médium: | Kniha |
| Jazyk: | Vietnamese |
| Vydáno: |
H.
Văn hoá Thông tin
2012
|
| Témata: | |
| Tagy: |
Přidat tag
Žádné tagy, Buďte první, kdo otaguje tento záznam!
|
| Thư viện lưu trữ: | Mạng thư viện Đại học Đà Nẵng |
|---|
| LEADER | 01681aam a22004098a 4500 | ||
|---|---|---|---|
| 001 | 000018090 | ||
| 003 | 14517 | ||
| 005 | 20130904100905.0 | ||
| 008 | 130904s2012 viesd | ||
| 020 | |d 2000b | ||
| 041 | 0 | |a vie | |
| 082 | 1 | 4 | |2 14 |a 390.0959721 |b Văn |
| 245 | 0 | 0 | |a Văn hóa dân gian huyện Tam Nông tỉnh Phú Thọ |c Dương Huy Thiện (ch.b.), Đặng Văn Nhâm, Trần Văn Thục... |
| 260 | |a H. |b Văn hoá Thông tin |c 2012 | ||
| 300 | |a 551 tr. |b ảnh |c 21 cm. | ||
| 500 | |a ĐTTS ghi: Hội Văn nghệ dân gian Việt Nam | ||
| 504 | |a Phụ lục: tr. 507-548 | ||
| 520 | |a Nghiên cứu văn hoá dân gian huyện Tam Nông tỉnh Phú Thọ qua tục ngữ, ca dao, diễn ca hội thiền, vè, hát xoan, hát ví, lễ hội dân gian, truyện dân gian, truyện cười, ẩm thực, y học dân gian... | ||
| 650 | 0 | 4 | |2 Bộ TK TVQG |a Văn hóa dân gian |z Huyện Tam Nông - Phú Thọ |
| 651 | 7 | |2 Bộ TK TVQG |a Tam Nông | |
| 651 | 7 | |2 Bộ TK TVQG |a Phú Thọ | |
| 653 | |a Văn hóa dân gian | ||
| 700 | 0 | |a Quỳnh Hoa | |
| 700 | 0 | |a Châu Hương | |
| 700 | 1 | |a Dương Huy Thiện |e ch.b. | |
| 700 | 1 | |a Đặng Văn Nhâm | |
| 700 | 1 | |a Trần Văn Thục | |
| OWN | |a LSP | ||
| AVA | |a UDN50 |b LSP |d 390.0959721 Văn |e available |t Error 5001 Not defined in file expand_doc_bib_avail. |f 1 |g 0 |h N |i 0 |k 1 | ||
| 999 | |a From the UDN01 | ||
| AVA | |a UDN50 |b LSP |d 390.0959721 Văn |e available |t Error 5001 Not defined in file expand_doc_bib_avail. |f 1 |g 0 |h N |i 0 |k 1 | ||
| TYP | |a Monograph | ||
| TYP | |a Printed language | ||
| 980 | |a Mạng thư viện Đại học Đà Nẵng | ||